Quiz da Somália - Statistics

Estatísticas Gerais
  • Esse quiz foi jogado 523 vezes
  • A pontuação média é 12 de 18
Estatísticas das Respostas
Dica Resposta % Correto
Países fazendo fronteira com a Somalia Etiópia
91%
Religião praticada por 99,7% da população Islã
91%
País que colonizou a região acima Reino Unido
90%
Países fazendo fronteira com a Somalia Djibouti
87%
Países fazendo fronteira com a Somalia Quênia
84%
Região que quer independência Somali{lândia}
82%
Península onde a Somália está localizada {Chifre} da África
79%
País colonizador do sul da Somália Itália
78%
Animal desértico que teria sido domesticado a região npor volta de 3000 a.C. Camelo
73%
Capital Mogadíscio
73%
Línguas oficiais Árabe
71%
Línguas oficiais Somali
68%
Crime pelo qual a Somáliase tornou famosa Pirataria
60%
Qual golfo oceânico entre a Somália e o Iêmen Golfo de {Adem}
45%
Moeda oficial Xelim
31%
Capital da região acima Hargeisa
26%
Supermodelo nascida na Somália que se casou com David Bowie em 1992 Iman
22%
Reino antigo ao redor do norte da Somália que foi um parceiro comercial essencial do antigo Egito Reino de {Punte}
13%
Nenhum quiz correspondente encontrado
Distribuição das Pontuações
Porcentagem de Pessoas com Cada Pontuação
Percentil de Números Respondidos
Sua Pontuação Histórica
Você não jogou esse quiz